000 00250nam a2200097Ia 4500
001 1206897
005 20250827022814.0
008 250824s9999 xx 000 0 und d
245 0 _aHARFLER VE NOTALAR
_cHASAN ALİ TOPTAŞ
260 _bEVEREST YAYINLARI
999 _c1206897
_d1206897